| 000 | 01067nmm a2200301 a 4500 | ||
|---|---|---|---|
| 001 | ocm0001916887 | ||
| 003 | TR-IsHL | ||
| 005 | 20201028175049.0 | ||
| 008 | 180925s2018 tu tur | ||
| 007 | cr cn | ||
| 020 | _a9786052810231 | ||
| 035 |
_a1916887 _b(N$T) |
||
| 050 | 0 | 4 |
_aHC241 _b.G86 2018 |
| 090 | 0 | 4 |
_aHC241 _b.G86 2018 |
| 100 | 1 | _aGünar, Altuğ | |
| 245 | 1 | 0 |
_aYaratıcı yıkım kriz ve Avrupa Birliği: Schumpeteryan yaklaşım çerçevesinde 2008 krizi Avrupa Birliği ve küreselleşme _h[electronic resource] / _cAltuğ Günar |
| 260 |
_aİstanbul : _bHiperlink Yayınları, _c2018 |
||
| 300 | _a571 p. | ||
| 500 | _aKaynakça var. | ||
| 650 | 4 | _aEkonomi ve Finans | |
| 650 | 4 | _aEconomics and Finance | |
| 650 | 0 | _aKüresel finansal krizler, 2008-2009 | |
| 650 | 0 | _aGlobal financial Crisis, 2008-2009 | |
| 650 | 0 | _aFinansal krizler | |
| 650 | 0 | _aFinancial crises | |
| 650 | 7 |
_aBUSINESS & ECONOMICS / General _2bisacsh |
|
| 856 | 4 | 0 | _uhttp://search.ebscohost.com/login.aspx?direct=true&scope=site&db=e011xww&AN=1916887 |
| 999 |
_c18491 _d18491 |
||